书目信息 |
| 题名: |
论语全集
|
|
| 作者: | 孔丘 原著 ;张铭一 注译 | |
| 分册: | ||
| 出版信息: | 北京 海潮出版社 2007.09 |
|
| 页数: | 411页 | |
| 开本: | 23cm | |
| 丛书名: | 国学经典 | |
| 单 册: | ||
| 中图分类: | B222.25 | |
| 科图分类: | ||
| 主题词: | 儒家--ru jia | |
| 电子资源: | ||
| ISBN: | 978-7-80213-430-0 | |
| 000 | 01092nam 2200289 450 | |
| 001 | 012008550117 | |
| 005 | 20080414133455.52 | |
| 010 | @a978-7-80213-430-0@dCNY39.80 | |
| 100 | @a20080414d2007 em y0chiy0120 ea | |
| 101 | 0 | @achi |
| 102 | @aCN@b110000 | |
| 105 | @aa a 000yy | |
| 106 | @ar | |
| 200 | 1 | @a论语全集@Alun yu quan ji@f(春秋) 孔丘原著@F(chun qiu)kong qiu yuan zhu@g张铭一注译@Gzhang ming yi zhu yi |
| 210 | @a北京@c海潮出版社@d2007.09 | |
| 215 | @a411页@c图@d23cm | |
| 225 | 2 | @a国学经典@Aguo xue jing dian |
| 320 | @a有书目 (第411页) | |
| 330 | @a本书在编撰体例上对《论语》的二十篇分别逐一从原文、译文、注释、论引、札记等五个方面进行了全景式的解读。力求以详细的解析和现代的眼光进行有实际意义的阐释,使人们的心胸和头脑变得清新丰盈起来,给人们的心灵注入鲜活的生命力,从而指导人们如何更好地生话。 | |
| 410 | 0 | @12001 @a国学经典 |
| 605 | @a论语@Alun yu@x研究 | |
| 606 | 0 | @a儒家@Aru jia |
| 690 | @aB222.25@v4 | |
| 701 | 0 | @a孔丘@Akong qiu@4原著 |
| 702 | 0 | @a张铭一@Azhang ming yi@4注译 |
| 801 | 0 | @aCN@bQSSK@c20080414 |
| 905 | @b291401-03@dB222.25@eK768@f3 | |
| 论语全集/(春秋) 孔丘原著/张铭一注译.-北京:海潮出版社,2007.09 |
| 411页:图;23cm.-(国学经典) |
| ISBN 978-7-80213-430-0:CNY39.80 |
| 本书在编撰体例上对《论语》的二十篇分别逐一从原文、译文、注释、论引、札记等五个方面进行了全景式的解读。力求以详细的解析和现代的眼光进行有实际意义的阐释,使人们的心胸和头脑变得清新丰盈起来,给人们的心灵注入鲜活的生命力,从而指导人们如何更好地生话。 |
| ● |
| 相关链接 |
|
|
|
正题名:论语全集
索取号:B222.25/K768
 
预约/预借
| 序号 | 登录号 | 条形码 | 馆藏地/架位号 | 状态 | 备注 |
| 1 | 291401 | 202914016 | 社科库509/509社科库 11排2列2层/ [索取号:B222.25/K768] | 在馆 | |
| 2 | 291402 | 202914025 | 社科库509/400B社科库 7排2列1层/ [索取号:B222.25/K768] | 在馆 | |
| 3 | 291403 | 202914034 | 社科库509/509社科库 11排2列2层/ [索取号:B222.25/K768] | 在馆 |